01677nam a2200397 a 4500001001000000003000500010005001700015008004100032010001100073011001100084040000900095090001000104100004000114245013600154260004000290500006000330502010400390590004100494590004000535590004000575590004000615590004000655590004000695650003600735650003200771650003200803650002900835650002700864856007000891901000700961942001000968942000600978999001900984952014001003952013601143000112263CHAP20220329144253.0160120s2015 mx a fsm |||||||spa d a108724 a109696 cCHAP aTesis1 aLuna Coronel, Ma. Enriqueta913048510aEvaluación de la sustentabilidad en dos regiones apicolas del Estado de Zacatecas/h[En línea]cpor Ma. Enriqueta Luna Coronel. aZacatecas, Zac. :bEl autor,c2015. aPara ver el contenido del material haga clic en la liga aTesis (M.C. en Desarrollo Rural Regional) -- UACH. Dirección de Centros Regionales Universitarios aBATCH-UPDb05c20160120lUCH01h1334 aE5995AHEb05c20160120lUCH01h1004 aE5995AHEb05c20160120lUCH01h1005 aE5995AHEb05c20160120lUCH01h1331 aE5995AHEb05c20160120lUCH01h1333 aE5995AHEb05c20160121lUCH01h140714aApicultura sustentable.913048714aApiculturaxZacatecas9628414aCultivosxZacatecas.93033914aDesarrollo rural.93206714aPolinización.990237 aFinding aiduhttp://10.13.5.2/tesis/sist112263.pdfzTeclea aquí aBK cTESIS n0 c108724d108724 00102local4053708TESISaBCbBCcPA_TESISd2016-01-20fTESISl0oTesisp33724002517173r2019-12-31 00:00:00tc.2w2019-12-31yTESIS 00104054718TESISaBCbBCd2016-01-20fTESISl0oTesisp33724002517215r2019-12-31 00:00:00w2019-12-31yTESISzRecien adquirido